00371nam a2200133Ia 4500008004100000020001500041041001200056082001600068100001900084245007100103260003400174300000800208650002100216221030s9999 xx 000 0 und d a8185623082 aEnglish a105.23bBas aS. K. Basandra 0aComputer Science Question Bank ( DEPARTMENTAL )cby S. K. Basandra bGalgotia PubaNew Delhic1999 a953 aCSE Departmental